Erkenne das Land an einem Wort - Statistiken

Allgemein
  • Dieses Quiz wurde 196 mal gespielt
  • Das Durchschnittsergebnis liegt bei 16 aus 20
Antwortstatistiken
Hint Antwort % Korrekt
Bier Deutschland
98%
Kaiserschmarrn Österreich
98%
Sauna Finnland
97%
Ahorn Kanada
97%
Uhren Schweiz
97%
Paella Spanien
97%
Outback Australien
95%
Taj Mahal Indien
94%
Kötbullar Schweden
94%
Ouzo Griechenland
92%
Käse Niederlande
91%
Mauer China
89%
Apartheid Südafrika
88%
Escobar Kolumbien
85%
Geysir Island
84%
Joga Bonito Brasilien
81%
Safari Kenia
60%
Onsen Japan
41%
Guerillakrieg Vietnam
36%
Kaffee Äthiopien
20%
Keine übereinstimmenden Quizze gefunden
Verteilung der Resultate
Anzahl Personen mit jedem Resultat
Perzentil nach korrekt beantworteten Fragen
Ihre Resultats-Entwicklung
Sie haben dieses Quiz noch nicht gespielt